| 000 -LEADER |
| fixed length control field |
00803nam a22001577a 4500 |
| 003 - CONTROL NUMBER IDENTIFIER |
| control field |
OSt |
| 005 - DATE AND TIME OF LATEST TRANSACTION |
| control field |
20151019152347.0 |
| 008 - FIXED-LENGTH DATA ELEMENTS--GENERAL INFORMATION |
| fixed length control field |
151019b xxu||||| |||| 00| 0 eng d |
| 040 ## - CATALOGING SOURCE |
| Transcribing agency |
RUA |
| 082 ## - DEWEY DECIMAL CLASSIFICATION NUMBER |
| Classification number |
AVM YAN 2009 B088 Or.1 |
| 100 ## - MAIN ENTRY--PERSONAL NAME |
| 9 (RLIN) |
2469 |
| Personal name |
YANN KOSAL |
| 245 ## - TITLE STATEMENT |
| Title |
Effect of replacing soybean and dry fish by a1111 on growth performance of broiler in animal experimental station of rua, (ប្រសិទ្ធភាពនៃការជំនួសសណ្ដែកសៀង និងត្រីហាលដោយមេចំណី A1111 លើការលូតលាស់របស់មាន់សាច់ នៅស្ថានីយ៍ចិញ្ចឹមសត្វ នៃ ស.វ.ភ.ក) |
| 260 ## - PUBLICATION, DISTRIBUTION, ETC. (IMPRINT) |
| Place of publication, distribution, etc. |
phnom penh |
| Name of publisher, distributor, etc. |
rua |
| Date of publication, distribution, etc. |
2009 |
| 300 ## - PHYSICAL DESCRIPTION |
| Extent |
xi, 41p. |
| Other physical details |
ill |
| Dimensions |
29cm. |
| 942 ## - ADDED ENTRY ELEMENTS (KOHA) |
| Source of classification or shelving scheme |
|
| Koha item type |
AVM |